000 006750000a22002170004500
003 LK-CoMWRAF
005 20231030130133.0
008 230817t1974 ||||| |||| 00| 0 eng d
020 _a070690334X
040 _aLK-CoMWRAF
_dLK-CoMWRAF
_eLK-CoMWRAF
041 _aeng
082 _a331.4
_bKAP
100 _aKapur, Promilla
245 _aThe Changing Status of the Working Woman in India
260 _aDelhi:
_bVikas Publishing house,
_c1974
300 _aix, 178 p. ; 23 cm.
_bBibliography and index included
650 _aWOMEN-Employment--India.
650 _aMarried women--Employment--India.
650 _aWomen college graduates--Employment--India.
942 _cBK
999 _c1574
_d1574